Academic listening encounters : listening, note-taking, and discussion : contents focus, human behavior /

Guardado en:
Detalles Bibliográficos
Autor principal: Espeseth, Miriam.
Formato: Libro
Lenguaje:English
Publicado: Cambridge ; New York : Cambridge University Press, 1999.
Materias:
Etiquetas: Agregar Etiqueta
Sin Etiquetas, Sea el primero en etiquetar este registro!
Thư viện lưu trữ: Mạng thư viện Đại học Đà Nẵng
LEADER 01107cam a2200349 i 4500
001 000045570
003 4757
005 20030228115217.0
008 010220|1999 vm 000 eng
020 |a 0521578213 
040 |a IRC  |c IRC  |d IRC 
041 0 |a eng 
082 1 4 |a 428.24  |b ES-M 
100 1 |a Espeseth, Miriam. 
245 0 0 |a Academic listening encounters :  |b listening, note-taking, and discussion : contents focus, human behavior /  |c Miriam Espeseth. 
260 |a Cambridge ; New York :  |b Cambridge University Press,  |c 1999. 
300 |a xxiv, 146p. :  |b ill. 
630 0 4 |a English language. 
650 0 4 |a English language  |x Study and teaching  |x Textbooks for foreign speakers. 
650 0 4 |a English language  |x Study and teaching  |x Foreign speakers. 
650 0 4 |a Study skills  |x Problems, exercises, etc. 
650 0 4 |a Listening  |x Problems, exercises, etc. 
OWN |a DUT 
999 |a From the UDN01 
TYP |a Monograph 
TYP |a Printed language 
980 |a Mạng thư viện Đại học Đà Nẵng